| 000 | 01132nam a2200241Ia 4500 | ||
|---|---|---|---|
| 008 | 0000002002 sp ad 0000000000spa00 | ||
| 090 | _aPSP00 M17e | ||
| 100 | 1 |
_aMarty, Enrique _d1969 |
|
| 245 | 1 | 0 |
_aEnrique Marty _b: Orlando (Velo de novia) _c/ textos y fotografías Enrique Marty |
| 300 |
_a36 p. _c/ 22 cm. |
||
| 500 | _aExposición realizada en Sala de Cultura Carlos III, Universidad Pública de Navarra, noviembre 8 diciembre 8, 2002 \ Incluye cronologa del artista | ||
| 501 | _aVeo de novia | ||
| 505 | _aOBRAS : Mascarilla de belleza Mi padre en la cuna Familia Vacaciones Mis juguetes nuevos Místico El jardín del amor Casa vacía Mis pades La visita Libertino Poseida Pesadilla de superwoman | ||
| 600 | 0 | 0 |
_aMARTY, ENRIQUE, 1969/ _xTRABAJOS PICTORICOS |
| 650 | 1 | 4 | _aARTE CONTEMPORANEO ESPAÑOL |
| 650 | 1 | 4 | _aARTISTAS PLASTICOS ESPAÑOLES EXPOSIONES |
| 650 | 1 | 4 | _xCATALOGOS |
| 650 | 1 | 4 | _xEXPOSICIONES |
| 650 | 1 | 4 | _aFOTOGRAFIA ESPAÑOLA |
| 650 | 1 | 4 | _aPINTURA (TECNICA MIXTA) |
| 650 | 1 | 4 | _aPINTURA ESPAÑOLA |
| 999 |
_c13324 _d13324 |
||
| 260 |
_aPamplona : Universidad Pública de Navarra _c2002 |
||